| 000 | 00668cam a22002291i 4500 | ||
|---|---|---|---|
| 001 | ne 63002251 | ||
| 003 | DLC | ||
| 005 | 20260227111751.0 | ||
| 008 | 891012s1963 ua 000 0 ararc | ||
| 010 | _ane 63002251 | ||
| 025 | _aPL480:UAR-3318 | ||
| 035 | _a(OCoLC)20482053 | ||
| 040 |
_aPrinceton Univ. Libr. for LC _cWaU _dWaU _dDLC |
||
| 042 | _apremarc | ||
| 050 | 0 | 0 |
_aBJ1588.A7 _bG5 |
| 100 | 1 | _aGhazzālī, Muḥammad. | |
| 245 | 1 | 0 |
_aJaddid ḥayātak _c[taʼlīf] Muḥammad al-Ghazzālī. |
| 250 | _a[alṬabʻah al-thāniyah.] | ||
| 260 |
_a[al-Qāhirah] _bMuʻassasat al-Khānjī _c[1963.] |
||
| 300 |
_a254 p. _c22 cm. |
||
| 650 | 0 | _aConduct of life. | |
| 999 |
_c46376 _d46376 |
||